00242nam a2200109Ia 4500008004100000100001500041245001700056260002800073300000900101942000700110999001500117190216s9999||||xx |||||||||||||| ||und|| aFavell Aj 0aBook Keeping bNarosa Pubs Housec1966 a179p cBK c4661d4661